[Event "Novosibirsk Polyak Memorial op"]
[Site "Novosibirsk"]
[Date "2010.01.18"]
[Round "4"]
[White "Pimankin, Sergey"]
[Black "Geraschenko, Vladimir"]
[Result "0-1"]
[WhiteElo "2187"]
[BlackElo "1823"]
[PlyCount "80"]
[EventDate "2010.01.11"]
[EventType "swiss"]
[EventRounds "9"]
[EventCountry "RUS"]
[SourceTitle "EXT 2011"]
[Source "ChessBase"]
[SourceDate "2010.11.26"]
[SourceVersion "1"]
[SourceVersionDate "2010.11.26"]
[SourceQuality "1"]

1. Nf3 Nc6 2. e4 e5 3. Bb5 Nf6 4. 0-0 d6 5. d4 exd4 6. Nxd4 Bd7 7. Nxc6 bxc6 8. Bd3 Be7 9. c4 0-0 10. Nc3 Rb8 11. b3 Ng4 12. Be2 Qc8 13. h3 Bf6 14. Bb2 Ne5 15. f4 Ng6 16. Qd2 Re8 17. Rad1 Bxh3 18. f5 Bxg2 19. Kxg2 Ne5 20. c5 Rd8 21. Qe3 Rd7 22. Ba3 Qd8 23. Bf3 Bg5 24. Qf2 Bh4 25. Qe3 Bg5 26. Qe2 Bf4 27. Rg1 d5 28. exd5 Qh4 29. Ne4 cxd5 30. Rh1 dxe4 31. Rxh4 exf3+ 32. Qxf3 Nxf3 33. Rxd7 Nxh4+ 34. Kh3 g5 35. fxg6 Nxg6 36. Bb2 Re8 37. Bd4 Nf8 38. Rd5 Ne6 39. Bf6 Bh6 40. c6 Nf4+ 0-1

[Event "Novosibirsk Polyak Memorial"]
[Site "Novosibirsk"]
[Date "2009.01.30"]
[Round "9"]
[White "Gubsky, Egor"]
[Black "Pimankin, Sergey"]
[Result "0-1"]
[WhiteElo "2057"]
[BlackElo "2187"]
[PlyCount "110"]
[EventDate "2009.01.12"]
[EventType "swiss"]
[EventRounds "9"]
[EventCountry "RUS"]
[SourceTitle "EXT 2012"]
[Source "ChessBase"]
[SourceDate "2011.11.24"]
[SourceVersion "1"]
[SourceVersionDate "2011.11.24"]
[SourceQuality "1"]

1. d4 Nf6 2. c4 e6 3. Nf3 b6 4. g3 Bb7 5. Bg2 Be7 6. 0-0 0-0 7. Nc3 Ne4 8. Qc2 Nxc3 9. Qxc3 d6 10. b3 Nd7 11. Bb2 f5 12. e3 Qe8 13. Rfd1 Qh5 14. Ne1 Bxg2 15. Nxg2 Rf6 16. Nf4 Qg4 17. Qb4 Rh6 18. Qb5 Rd8 19. Kg2 Nb8 20. d5 e5 21. f3 Qg5 22. Ne6 Qxe3 23. c5 e4 24. Nxd8 c6 25. dxc6 Qxf3+ 26. Kg1 Qe3+ 27. Kf1 Qf3+ 28. Ke1 Qe3+ 29. Qe2 Qg1+ 30. Kd2 Bg5+ 31. Kc2 Qxc5+ 32. Qc4+ Qxc4+ 33. bxc4 Bxd8 34. h4 Nxc6 35. Bc1 Re6 36. Bf4 Nb4+ 37. Kc3 Nd3 38. Be3 Rg6 39. Rg1 Kf7 40. h5 Rg4 41. Raf1 Ke6 42. Kd2 Bf6 43. a4 Nb2 44. Kc2 Nxc4 45. Bf4 Bd4 46. Rg2 Be5 47. Re2 d5 48. Kb3 Na5+ 49. Kb4 a6 50. Rc2 d4 51. Rc8 Bxf4 52. gxf4 Rg3 53. Rb1 Kd7 54. Rh8 Rc3 55. Rd1 Nc6# 0-1

[Event "Novosibirsk Polyak Memorial"]
[Site "Novosibirsk"]
[Date "2009.01.26"]
[Round "7"]
[White "Ryabov, Sergei"]
[Black "Pimankin, Sergey"]
[Result "1/2-1/2"]
[WhiteElo "2205"]
[BlackElo "2187"]
[PlyCount "32"]
[EventDate "2009.01.12"]
[EventType "swiss"]
[EventRounds "9"]
[EventCountry "RUS"]
[SourceTitle "EXT 2012"]
[Source "ChessBase"]
[SourceDate "2011.11.24"]
[SourceVersion "1"]
[SourceVersionDate "2011.11.24"]
[SourceQuality "1"]

1. e4 e5 2. Nf3 Nc6 3. Bb5 a6 4. Ba4 Nf6 5. 0-0 Be7 6. Re1 b5 7. Bb3 d6 8. c3 0-0 9. h3 Bb7 10. d4 Re8 11. Nbd2 Bf8 12. a3 h6 13. Ba2 Na7 14. b4 exd4 15. Nxd4 c5 16. Nf5 g6 1/2-1/2

[Event "Novosibirsk-ch"]
[Site "Novosibirsk"]
[Date "2008.03.02"]
[Round "9"]
[White "Botvinkov, Anton"]
[Black "Pimankin, Sergey"]
[Result "1-0"]
[WhiteElo "2218"]
[BlackElo "2159"]
[PlyCount "63"]
[EventDate "2008.02.22"]
[EventType "swiss"]
[EventRounds "9"]
[EventCountry "RUS"]
[SourceTitle "CBM 123 Extra"]
[Source "ChessBase"]
[SourceDate "2008.05.06"]
[SourceVersion "1"]
[SourceVersionDate "2008.05.06"]
[SourceQuality "1"]

1. e4 e5 2. Nf3 Nc6 3. Bc4 Nf6 4. d3 Be7 5. c3 d6 6. Bb3 0-0 7. 0-0 Na5 8. Bc2 c5 9. Re1 Nc6 10. h3 Ne8 11. d4 Qc7 12. Na3 cxd4 13. cxd4 Nxd4 14. Nxd4 exd4 15. Nb5 Qb6 16. Qd3 g6 17. Nxd4 Bf6 18. Be3 Qa5 19. Bd2 Qc5 20. Bc3 Bd7 21. Rad1 Rc8 22. Bb3 b5 23. a3 Qb6 24. Qg3 Be5 25. Nf5 Bxf5 26. Bxe5 Bxe4 27. Rxe4 dxe5 28. Rxe5 Ng7 29. Rd7 Nf5 30. Qf4 Rc5 31. Rxc5 Qxc5 32. g4 1-0

[Event "Novosibirsk-ch"]
[Site "Novosibirsk"]
[Date "2008.03.01"]
[Round "8"]
[White "Pimankin, Sergey"]
[Black "Petenev, Konstantin"]
[Result "1-0"]
[WhiteElo "2159"]
[BlackElo "2222"]
[PlyCount "76"]
[EventDate "2008.02.22"]
[EventType "swiss"]
[EventRounds "9"]
[EventCountry "RUS"]
[SourceTitle "CBM 123 Extra"]
[Source "ChessBase"]
[SourceDate "2008.05.06"]
[SourceVersion "1"]
[SourceVersionDate "2008.05.06"]
[SourceQuality "1"]

1. c4 Nc6 2. d4 d5 3. cxd5 Qxd5 4. Nf3 e5 5. Nc3 Bb4 6. a3 Bxc3+ 7. bxc3 Bg4 8. Nxe5 Nxe5 9. dxe5 Qxe5 10. Qa4+ c6 11. Qd4 Qe6 12. f3 Bh5 13. e4 Nf6 14. Bc4 Qe7 15. a4 Rd8 16. Qxa7 Nxe4 17. 0-0 Qc5+ 18. Qxc5 Nxc5 19. Re1+ Ne6 20. g4 Bg6 21. f4 Bd3 22. Bxd3 Rxd3 23. f5 Rxc3 24. fxe6 fxe6 25. Rb1 Rc4 26. h3 0-0 27. Rxb7 Rf3 28. Rd1 Rf7 29. Rd8+ Rf8 30. Rxf8+ Kxf8 31. Ba3+ Ke8 32. a5 Ra4 33. Bb4 c5 34. Be1 Ra1 35. Kf1 c4 36. Rxg7 c3 37. Rc7 Rxa5 38. Bxc3 Ra3 1-0

[Event "Novosibirsk-ch"]
[Site "Novosibirsk"]
[Date "2008.02.25"]
[Round "3"]
[White "Pimankin, Sergey"]
[Black "Tuzhik, Artem"]
[Result "0-1"]
[WhiteElo "2159"]
[BlackElo "2313"]
[PlyCount "92"]
[EventDate "2008.02.22"]
[EventType "swiss"]
[EventRounds "9"]
[EventCountry "RUS"]
[SourceTitle "CBM 123 Extra"]
[Source "ChessBase"]
[SourceDate "2008.05.06"]
[SourceVersion "1"]
[SourceVersionDate "2008.05.06"]
[SourceQuality "1"]

1. Nf3 c5 2. c4 Nf6 3. Nc3 e6 4. g3 b6 5. Bg2 Bb7 6. 0-0 Be7 7. d4 cxd4 8. Nxd4 Bxg2 9. Kxg2 Qc7 10. Qd2 a6 11. b3 0-0 12. Bb2 Nc6 13. e4 Ne5 14. Qe2 d6 15. f4 Ned7 16. g4 Rfc8 17. g5 Ne8 18. Qg4 Nc5 19. Rf3 Qb7 20. Re1 e5 21. Nf5 Bf8 22. fxe5 dxe5 23. Nd5 Rc6 24. Bxe5 Rg6 25. h4 f6 26. Bf4 fxg5 27. hxg5 Nf6 28. Nxf6+ gxf6 29. Nh4 Rg7 30. g6 hxg6 31. Bh6 f5 32. Qf4 fxe4 33. Rg3 Nd3 34. Qe3 Nxe1+ 35. Qxe1 e3+ 36. Kg1 Qe4 37. Bxg7 Bxg7 38. Nxg6 e2 39. Rg2 Re8 40. Nh4 Qxh4 41. Qxh4 e1Q+ 42. Qxe1 Rxe1+ 43. Kf2 Re6 44. Rg3 Kf7 45. a4 Bd4+ 46. Kf1 a5 0-1

[Event "Novosibirsk Polyak Memorial"]
[Site "Novosibirsk"]
[Date "2008.01.30"]
[Round "8"]
[White "Dolgusheva, Izabella"]
[Black "Pimankin, Sergey"]
[Result "0-1"]
[WhiteElo "2027"]
[BlackElo "2197"]
[PlyCount "86"]
[EventDate "2008.01.21"]
[EventType "tourn"]
[EventRounds "9"]
[EventCountry "RUS"]
[SourceTitle "EXT 2010"]
[Source "ChessBase"]
[SourceDate "2010.11.25"]
[SourceVersion "1"]
[SourceVersionDate "2010.11.25"]
[SourceQuality "1"]

1. Nf3 Nf6 2. c4 c5 3. g3 Nc6 4. Bg2 g6 5. d4 cxd4 6. Nxd4 Nxd4 7. Qxd4 Bg7 8. Nc3 0-0 9. 0-0 d6 10. Rd1 Qa5 11. Nd5 Nxd5 12. Qxd5 Qc7 13. Rb1 Rb8 14. b3 Be6 15. Qd3 Qa5 16. Bb2 Bf5 17. e4 Be6 18. Bxg7 Kxg7 19. Rb2 Kg8 20. Rc2 Qc5 21. Qc3 Rfc8 22. Bf1 b5 23. Rd4 Rc7 24. Rcd2 f6 25. Qe3 bxc4 26. Rc2 c3 27. Rd3 Rbc8 28. f3 Qa5 29. Kf2 Rc5 30. Qd4 Qc7 31. Re3 Kf7 32. Ba6 Rb8 33. Rcxc3 Qa5 34. Be2 Rxc3 35. Rxc3 Qxa2 36. b4 Rb7 37. Ke3 Qa1 38. b5 Qg1+ 39. Kd3 Qxh2 40. g4 Rxb5 41. Qxa7 Rb2 42. Qe3 Qe5 43. Rc2 Rb3+ 0-1

[Event "Novosibirsk Polyak Memorial"]
[Site "Novosibirsk"]
[Date "2008.01.25"]
[Round "5"]
[White "Pimankin, Sergey"]
[Black "Smetyukh, Vladimir"]
[Result "1-0"]
[WhiteElo "2197"]
[BlackElo "1918"]
[PlyCount "57"]
[EventDate "2008.01.21"]
[EventType "tourn"]
[EventRounds "9"]
[EventCountry "RUS"]
[SourceTitle "EXT 2010"]
[Source "ChessBase"]
[SourceDate "2010.11.25"]
[SourceVersion "1"]
[SourceVersionDate "2010.11.25"]
[SourceQuality "1"]

1. Nf3 g6 2. e4 Bg7 3. d4 d6 4. Nc3 Nf6 5. Be2 c6 6. a4 Qa5 7. 0-0 0-0 8. h3 Nbd7 9. Be3 Qb4 10. a5 d5 11. e5 Ne4 12. Nxe4 dxe4 13. Nd2 f5 14. Nc4 e6 15. Nd6 Nxe5 16. dxe5 Bxe5 17. Nxc8 Raxc8 18. Qd7 Rfe8 19. Qd2 Qf8 20. Bxa7 f4 21. Bb6 f3 22. Bc4 fxg2 23. Rfe1 Qf5 24. Qe3 h5 25. Qxe4 Qxh3 26. Qxg2 Qxg2+ 27. Kxg2 Bxb2 28. Rab1 Bc3 29. Bxe6+ 1-0

[Event "Novosibirsk Polyak Memorial"]
[Site "Novosibirsk"]
[Date "2008.01.22"]
[Round "2"]
[White "Pimankin, Sergey"]
[Black "Glukhov, Mikhail"]
[Result "1/2-1/2"]
[WhiteElo "2197"]
[BlackElo "2237"]
[PlyCount "90"]
[EventDate "2008.01.21"]
[EventType "tourn"]
[EventRounds "9"]
[EventCountry "RUS"]
[SourceTitle "EXT 2010"]
[Source "ChessBase"]
[SourceDate "2010.11.25"]
[SourceVersion "1"]
[SourceVersionDate "2010.11.25"]
[SourceQuality "1"]

1. e4 e5 2. Nf3 Nc6 3. Bb5 a6 4. Ba4 Nf6 5. d4 exd4 6. 0-0 Be7 7. e5 Ne4 8. Nxd4 Nxd4 9. Qxd4 Nc5 10. Bb3 Nxb3 11. axb3 0-0 12. Bf4 Kh8 13. Nc3 d6 14. exd6 cxd6 15. Nd5 Be6 16. c3 Re8 17. Rfe1 Rc8 18. b4 Bf8 19. Re3 Qh4 20. Rae1 Red8 21. Re4 Qh5 22. Ne3 Qb5 23. Bg3 Re8 24. Nc2 Qa4 25. Qd2 Bb3 26. Rxe8 Rxe8 27. Rxe8 Qxe8 28. Nd4 Bd5 29. f3 h6 30. Kf2 Kg8 31. Bf4 Qc8 32. g4 b6 33. h4 Qb7 34. Qe3 Qd7 35. Kg3 Qc7 36. h5 Qd8 37. Nf5 Be6 38. Qd3 b5 39. Nxd6 Bxd6 40. Qxd6 Qxd6 41. Bxd6 f5 42. Kf4 fxg4 43. fxg4 Kf7 44. g5 hxg5+ 45. Kxg5 Bb3 1/2-1/2

[Event "Sibiria Region-ch"]
[Site "Novosibirsk"]
[Date "2003.??.??"]
[Round "1"]
[White "Kargin, Arseny"]
[Black "Pimankin, Sergey"]
[Result "1/2-1/2"]
[WhiteElo "2408"]
[BlackElo "2120"]
[PlyCount "59"]
[EventDate "2003.05.??"]
[EventType "swiss"]
[EventRounds "9"]
[EventCountry "RUS"]
[SourceTitle "EXT 2008"]
[Source "ChessBase"]
[SourceDate "2007.11.25"]
[SourceVersion "1"]
[SourceVersionDate "2007.11.25"]
[SourceQuality "1"]

1. e4 c5 2. Nf3 Nc6 3. Bb5 g6 4. c3 Nf6 5. Qe2 Bg7 6. d4 cxd4 7. cxd4 a6 8. Bxc6 bxc6 9. 0-0 0-0 10. Nc3 a5 11. Re1 Ba6 12. Qc2 d6 13. Bg5 h6 14. Bh4 g5 15. Bg3 Nh5 16. Rad1 Rb8 17. e5 Nxg3 18. hxg3 Qd7 19. Ne4 f5 20. exf6 exf6 21. g4 f5 22. gxf5 Qxf5 23. Qd2 Qd5 24. Nc3 Qf7 25. Re4 Bc8 26. Rde1 Bf6 27. d5 g4 28. Nd4 Bg5 29. Qc2 cxd5 30. R4e2 1/2-1/2

[Event "Sibiria Region-ch"]
[Site "Novosibirsk"]
[Date "2003.??.??"]
[Round "3"]
[White "Pimankin, Sergey"]
[Black "Frolov, Denis"]
[Result "0-1"]
[WhiteElo "2120"]
[BlackElo "2375"]
[PlyCount "68"]
[EventDate "2003.05.??"]
[EventType "swiss"]
[EventRounds "9"]
[EventCountry "RUS"]
[SourceTitle "EXT 2008"]
[Source "ChessBase"]
[SourceDate "2007.11.25"]
[SourceVersion "1"]
[SourceVersionDate "2007.11.25"]
[SourceQuality "1"]

1. e4 e5 2. Nf3 Nc6 3. Bb5 Nf6 4. 0-0 Bc5 5. c3 0-0 6. d4 Bb6 7. Re1 d6 8. h3 h6 9. a4 a5 10. dxe5 Nxe5 11. Nxe5 dxe5 12. Qe2 Be6 13. Nd2 c6 14. Bc4 Qe7 15. Bxe6 Qxe6 16. Qc4 Qe7 17. Qe2 Rfd8 18. Nc4 Bc5 19. Be3 Bxe3 20. Nxe3 g6 21. Nc4 Nh5 22. g3 Qc5 23. Kg2 Rd7 24. Red1 Rad8 25. Rxd7 Rxd7 26. Ne3 Nf6 27. Kf3 Kg7 28. Qc4 Qb6 29. Qe2 Qc5 30. Qc4 Qe7 31. Ke2 h5 32. Rb1 Qd8 33. Kf3 Rd2 34. Qc5 Rxf2+ 0-1

[Event "Sibiria Region-ch"]
[Site "Novosibirsk"]
[Date "2003.??.??"]
[Round "2"]
[White "Pimankin, Sergey"]
[Black "Voinov, Alexandr"]
[Result "0-1"]
[WhiteElo "2120"]
[BlackElo "2408"]
[PlyCount "56"]
[EventDate "2003.05.??"]
[EventType "swiss"]
[EventRounds "9"]
[EventCountry "RUS"]
[SourceTitle "EXT 2008"]
[Source "ChessBase"]
[SourceDate "2007.11.25"]
[SourceVersion "1"]
[SourceVersionDate "2007.11.25"]
[SourceQuality "1"]

1. Nf3 d6 2. d4 Bg4 3. e4 Nf6 4. Nc3 c6 5. a4 Nbd7 6. Be2 e5 7. h3 Bh5 8. Be3 Bg6 9. Nd2 Be7 10. 0-0 0-0 11. f4 exf4 12. Bxf4 Re8 13. Kh1 Bf8 14. Bf3 Qb6 15. a5 Qxb2 16. Ne2 Qb5 17. c4 Qa6 18. Nc3 c5 19. Nb5 Rac8 20. Bxd6 Bxd6 21. e5 Bxe5 22. dxe5 Nxe5 23. Qb3 Red8 24. Ra2 Rd3 25. Qb2 Re3 26. Na3 Nxf3 27. Nxf3 Ne4 28. Rb1 Re2 0-1

[Event "Capital of Sibiria op"]
[Site "Novosibirsk"]
[Date "2002.07.22"]
[Round "4"]
[White "Pimankin, Sergey"]
[Black "Novikova, Anna"]
[Result "1-0"]
[WhiteElo "2103"]
[BlackElo "2206"]
[PlyCount "85"]
[EventDate "2002.07.19"]
[EventType "swiss"]
[EventRounds "9"]
[EventCountry "RUS"]
[SourceTitle "CBM 089 Extra"]
[Source "ChessBase"]
[SourceDate "2002.09.10"]
[SourceVersion "2"]
[SourceVersionDate "2002.09.10"]
[SourceQuality "1"]

1. e4 c5 2. Nf3 e6 3. d4 cxd4 4. Nxd4 Nf6 5. Nc3 Nc6 6. Ndb5 d6 7. Bf4 e5 8. Bg5 a6 9. Na3 b5 10. Nd5 Be7 11. Bxf6 Bxf6 12. c3 0-0 13. Nc2 Bg5 14. h4 Bh6 15. g4 Bf4 16. g5 Be6 17. Nce3 Rc8 18. Bh3 Bxe3 19. Nxe3 Ne7 20. h5 Qd7 21. h6 g6 22. Ng4 Bxg4 23. Bxg4 Qc6 24. Qf3 Rcd8 25. 0-0-0 d5 26. Qf6 Qxf6 27. gxf6 Nc8 28. Rxd5 Rxd5 29. exd5 Nd6 30. Re1 e4 31. Bd7 Rd8 32. Bc6 Kf8 33. Kd2 Ne8 34. Bxe8 Rxd5+ 35. Kc2 Kxe8 36. Rxe4+ Kd8 37. Rd4 Rxd4 38. cxd4 Kd7 39. Kd3 Ke6 40. Ke4 Kxf6 41. Kd5 g5 42. Kd6 g4 43. d5 1-0

[Event "Capital of Sibiria op"]
[Site "Novosibirsk"]
[Date "2002.07.19"]
[Round "1"]
[White "Salinnikov, Denis Y"]
[Black "Pimankin, Sergey"]
[Result "1/2-1/2"]
[WhiteElo "2327"]
[BlackElo "2103"]
[PlyCount "94"]
[EventDate "2002.07.19"]
[EventType "swiss"]
[EventRounds "9"]
[EventCountry "RUS"]
[SourceTitle "CBM 089 Extra"]
[Source "ChessBase"]
[SourceDate "2002.09.10"]
[SourceVersion "2"]
[SourceVersionDate "2002.09.10"]
[SourceQuality "1"]

1. e4 e5 2. Nf3 Nc6 3. Bb5 a6 4. Ba4 Nf6 5. 0-0 Be7 6. Re1 b5 7. Bb3 0-0 8. h3 d6 9. c3 Na5 10. Bc2 c5 11. d4 Qc7 12. d5 Bd7 13. Nbd2 Nb7 14. Nf1 Ne8 15. Ng3 g6 16. Nh2 Ng7 17. Ng4 Kh8 18. Nh6 Bh4 19. a4 b4 20. Nf1 f5 21. g3 Bf6 22. exf5 Nxf5 23. Nxf5 Bxf5 24. Bxf5 gxf5 25. Qh5 Bg7 26. Ne3 Qf7 27. Qxf7 Rxf7 28. Nc4 h5 29. a5 Bf6 30. cxb4 cxb4 31. Ra4 Nc5 32. Rxb4 Nd3 33. Bd2 Nxe1 34. Bxe1 Bd8 35. Bc3 Kg8 36. Nxd6 Bxa5 37. Ra4 Bxc3 38. Nxf7 Bxb2 39. Nh6+ Kg7 40. Nxf5+ Kf6 41. g4 hxg4 42. hxg4 a5 43. Nd6 e4 44. Nxe4+ Ke5 45. Nd2 Kxd5 46. Nc4 Bd4 47. Kg2 Rb8 1/2-1/2

[Event "Novosibirsk op"]
[Site "Novosibirsk"]
[Date "2001.07.22"]
[Round "4"]
[White "Abashev, Denis"]
[Black "Pimankin, Sergey"]
[Result "1-0"]
[WhiteElo "2395"]
[BlackElo "2109"]
[PlyCount "96"]
[EventDate "2001.07.18"]
[EventType "swiss"]
[EventRounds "11"]
[EventCountry "RUS"]
[SourceTitle "CBM 083 Extra"]
[Source "ChessBase"]
[SourceDate "2001.09.11"]
[SourceVersion "1"]
[SourceVersionDate "2001.09.11"]
[SourceQuality "1"]

1. e4 e5 2. Nf3 Nc6 3. Bb5 a6 4. Ba4 Nf6 5. Qe2 Be7 6. 0-0 b5 7. Bb3 d6 8. c3 Na5 9. Bc2 c5 10. d4 Qc7 11. dxc5 dxc5 12. Re1 0-0 13. Nbd2 Be6 14. Ng5 Bg4 15. f3 Bd7 16. f4 h6 17. fxe5 Ng4 18. Ngf3 Nc6 19. Nf1 c4 20. h3 Bc5+ 21. Ne3 Nxe3 22. Bxe3 Bxe3+ 23. Qxe3 Nxe5 24. Nxe5 Qxe5 25. Qd4 Qxd4+ 26. cxd4 a5 27. Kf2 Ra6 28. Ke3 Rc8 29. d5 b4 30. Rec1 a4 31. a3 c3 32. bxc3 b3 33. Bd3 Rg6 34. Rab1 Rxg2 35. c4 Ra2 36. c5 Rxa3 37. c6 Bxh3 38. d6 Kf8 39. Kd4 Ra2 40. Ba6 Rd2+ 41. Ke3 Rxd6 42. Bxc8 Bxc8 43. Rc4 Ke7 44. Rxa4 Rxc6 45. Ra7+ Kf6 46. Rxb3 Be6 47. Rba3 g5 48. Ra8 Kg7 1-0